000 00994aam a2200289 4500
001 18499
003 CO-MdFUSB
005 20170505082220.0
008 170504t1993 sp ||||f |||| 00| 0 spa d
020 _a84-487-0128-3
040 _aCO-MdFUSB
_bspa
_cCO-MdFUSB
_dCO-MdFUSBC
_erda
041 _aeng
082 0 4 _a24
_2R 109
_bG752g Vol. 9
100 1 _aMaquiavelo, Nicolás
_eautor
245 1 0 _aGrandes obras del pensamiento
_b: El príncipe
_c/ Nicolás Maquiavelo ; traducido por Helena Puigdomenech
264 1 _aBarcelona, España :
_bTecnos, Altaya,
_c℗[1993]
264 4 _c1993
300 _a111 p.
_b:
_c;
336 _2rdacontent
_a1
_ba1
337 _2rdamedia
_a2
_b5
338 _2rdacarrier
_a2
_b5
490 _aGrandes Obras del Pensamiento
500 _aTítulo original: Il principe (1513)
650 1 4 _aLa ciencia política - Cerca de 1800 \ Ética política \ Cerca de 1800 \ Ética política \ Ciencias política
650 7 _aFilosofía antigua
_9168
942 _cREF
999 _c44925
_d44925